000 00291nam a22001337a 4500
008 170320b xxu||||| |||| 00| 0 eng d
020 _a9780072365368
041 _aeng
080 _24 ED
_a616.8
100 _a7
101 _aSHM
245 _aDEVIANT BEHAVIOR
_cSALINGER.L
942 _2udc
_cBK
999 _c8045
_d8045